IVE Songs Alphabet (Kpop) - Statistics

General Stats
  • This quiz has been taken 78 times
    50 since last reset
  • The average score is 16 of 23
Answer Stats
Letter Song % Correct
A Accendio/After Like/All Night/Attitude
100%
B Baddie/Be Alright/beats/BLUE & BLACK/Blue Blood/Blue Heart/BANG BANG/BLACKHOLE
97%
E Either Way/Eleven
89%
I I am/Ice Queen/I Want/In Your Heart
86%
L Lips/Love Dive
84%
O Off The Record/OTT/Odd
81%
R Rebel Heart/Reset/Royal
78%
X XOXZ
78%
K Kitsch
76%
W Wave/Wild Bird/Will/WOW
76%
C Cherish/Classic/Crush
73%
T Take It/Thank You/TKO
73%
D Dare Me/Dear. Cupid/Dear, My Feelings
70%
H Heroine/HeyaHoly Moly/Hypnosis/Hush/HOT COFFEE
70%
S Secret/Shine With Me/Summer Festa/Supernova Love/Stuck In Your Head
70%
F Flu/Fireworks/Force
68%
N Next Page/Not Your Girl
57%
Q Queen of Hearts
57%
G Gotcha
54%
M Midnight Kiss/MineMy Satisfaction
51%
P Payback
51%
U Unreal
51%
Y You Wanna Cry
51%
No matching quizzes found
Score Distribution
Percent of People with Each Score
Percentile by Number Answered
Your Score History
You have not taken this quiz since the last reset